Real-variable methods in harmonic analysis /
Guardado en:
| Autor Principal: | |
|---|---|
| Formato: | Libro |
| Idioma: | English |
| Publicado: |
Mineola, N.Y. :
Dover Publications,
2004.
|
| Materias: | |
| Acceso en línea: | Publisher description |
| Etiquetas: |
Agregar Etiqueta
Sin Etiquetas, Sea el primero en etiquetar este registro!
|
| LEADER | 00892cam a22002298a 4500 | ||
|---|---|---|---|
| 001 | MAT.inmabb004825 | ||
| 008 | 031216r20041986nyu######b####001#0#eng## | ||
| 005 | 20130323170607.0 | ||
| 245 | 1 | 0 | |a Real-variable methods in harmonic analysis / |c Alberto Torchinsky. |
| 260 | |a Mineola, N.Y. : |b Dover Publications, |c 2004. | ||
| 300 | |a xii, 462 p. ; |c 24 cm. | ||
| 500 | |a Publicado originalmente: Orlando : Academic Press, 1986, en la serie: Pure and applied mathematics, v. 123. | ||
| 504 | |a Incluye referencias bibliográficas (p. 446-456) e índice. | ||
| 510 | 4 | |a MR, |c MR2059284 | |
| 020 | |a 0486435083 | ||
| 100 | 1 | |a Torchinsky, Alberto. | |
| 650 | 0 | |a Harmonic analysis. | |
| 084 | |a 42-01 |2 msc2000 | ||
| 010 | |a 2003070050 | ||
| 040 | |a DLC |c DLC |d DLC | ||
| 856 | 4 | 2 | |3 Publisher description |u http://www.loc.gov/catdir/enhancements/fy0615/2003070050-d.html |
| 859 | |h 42 |i T676-2 |p A-8510 |b BIB. MATEMATICA | ||
